Zámek Račice : ilustrované dějiny /

Main Author: Boháč, Ivo
Language: Czech
Published: Brno : e-Finance Zámek Račice, s.r.o. vlastním nákladem, 2021
Edition: Vydání: první
Subjects:
Physical Description: 56 stran : ilustrace (převážně barevné), plány, erby ; 21 cm
Book
Saved in:
LEADER 02283nam a2200577 i 4500
001 nkc20213325967
003 CZ PrNK
005 20220317132749.0
007 ta
008 210531s2021 xr aei e f 000 0 cze
015 |a cnb003325967 
020 |a 978-80-270-9806-4  |q (brožováno) 
020 |a 978-80-11-00592-4  |q (vázáno) 
035 |a (OCoLC)1267679948 
040 |a OLA001  |b cze  |d ABA001  |e rda 
043 |a e-xr---  |b e-xr-jm  |2 czenas 
072 7 |a 72  |x Architektura  |2 Konspekt  |9 21 
080 |a 728.82  |2 MRF 
080 |a (437.322)  |2 MRF 
080 |a (036)  |2 MRF 
080 |a (084.11)  |2 MRF 
100 1 |a Boháč, Ivo  |7 mzk2013740966  |4 aut 
245 1 0 |a Zámek Račice :  |b ilustrované dějiny /  |c texty: Boháč Ivo 
250 |a Vydání: první 
264 1 |a Brno :  |b e-Finance Zámek Račice, s.r.o. vlastním nákladem,  |c 2021 
300 |a 56 stran :  |b ilustrace (převážně barevné), plány, erby ;  |c 21 cm 
336 |a text  |b txt  |2 rdacontent 
336 |a statický obraz  |b sti  |2 rdacontent 
337 |a bez média  |b n  |2 rdamedia 
338 |a svazek  |b nc  |2 rdacarrier 
500 |a U brožovaného vydání název obálky 
500 |a U vázaného vydání jako nakladatel uveden koncern e-Finance, a.s. namísto e-Finance Zámek Račice, s.r.o. 
610 2 7 |a Račice (zámek)  |7 mzk2017945192  |2 czenas 
650 0 7 |a zámky  |7 ph127734  |z Česko  |2 czenas 
650 0 7 |a zámky  |7 ph127734  |x dějiny  |2 czenas 
650 0 9 |a chateaux  |z Czechia  |2 eczenas 
650 0 9 |a chateaux  |x history  |2 eczenas 
651 7 |a Račice-Pístovice (Česko)  |7 ge286116  |2 czenas 
651 9 |a Račice-Pístovice (Czechia)  |2 eczenas 
655 7 |a informační publikace  |7 fd132454  |2 czenas 
655 7 |a obrazové publikace  |7 fd132947  |2 czenas 
655 9 |a information publications  |2 eczenas 
655 9 |a pictorial works  |2 eczenas 
910 2 |a BOA001  |b 2-1469.610 
928 9 |a Zámek Račice 
990 |a BK 
995 |a 01 
991 |b 202107  |c NOV 
996 6 |b 2610872327  |c 2-1469.610  |l MZK  |r Sklad / do 1 hodiny  |n 0  |p p.v.  |w 001858071  |u 000010  |a 1  |e BOA001  |j MZK50  |s P 
996 7 |b 2610896257  |c 2-1469.610  |l MZK  |r Sklad / do 1 hodiny  |n 2  |p p.v.  |w 001858071  |u 000020  |a 1  |e BOA001  |j MZK50  |s A 
996 7 |b 2610896258  |c 2-1469.610  |l MZK  |r Sklad / do 1 hodiny  |n 0  |p p.v.  |w 001858071  |u 000030  |a 1  |e BOA001  |j MZK50  |s A